000 00476nam a2200133Ia 4500
008 231129s9999||||xx |||||||||||||| ||spa||
020 _a958-612-176-3
040 _bspa
082 _a986.102 R845d
100 _aRothlisberger Ernst
245 0 _aEl dorado: estampas de viaje y cultura de la colombia Suramericana
264 _aBanco de la Republica ; Instituto Colombiano de Cultura ; Biblioteca Nacional de Colombia
942 _2ddc
_cBKS
999 _c10919
_d10919